Normal view
MARC view
Entry Personal Name
001 - CONTROL NUMBER
- control field: 580996
003 - CONTROL NUMBER IDENTIFIER
- control field: OSt
005 - DATE AND TIME OF LATEST TRANSACTION
- control field: 20221005024731.0
008 - FIXED-LENGTH DATA ELEMENTS
- fixed length control field: 221005|| aca||aabn | a|a d
040 ## - CATALOGING SOURCE
- Original cataloging agency: OSt
- Transcribing agency: OSt
100 ## - HEADING--PERSONAL NAME
- Personal name: Al - Shajli Abdul Salam Au
670 ## - SOURCE DATA FOUND
- Source citation: Work cat.: (OSt)933350: Al - Shajli Abdul Salam Au., Al-asas-al-nazriyah-al-hadisa fi manahij tarikh-al-dab-al-Arabi be Misr, 2009
